Zlepšovanie procesov pomocou vybraných kvantitatívnych metód

Aplikácia kvantitatívnych metód v podnikovej praxi.

Na minha lista:
Detalhes bibliográficos
Autor principal: Hajduová, Zuzana, 1974-
Outros Autores: Andrejkovič, Marek, Ďuričeková, Denisa, 1981-
Formato: Capítulo de Livro
Idioma:eslovaco
Assuntos:
Tags: Adicionar Tag
Sem tags, seja o primeiro a adicionar uma tag!

MARC

LEADER 00000naa a2200000 4500
001 0181819
005 20240502073123.1
041 0 |a slo 
044 |a SK 
245 1 0 |a Zlepšovanie procesov pomocou vybraných kvantitatívnych metód  |c Zuzana Hajduová, Marek Andrejkovič, Denisa Ďuričeková 
520 |a Aplikácia kvantitatívnych metód v podnikovej praxi. 
610 2 0 |a metódy kvantitatívne 
610 2 0 |a procesy podnikové 
610 2 0 |a priemysel nábytkársky 
100 1 |a Hajduová, Zuzana, 1974- 
700 1 |a Andrejkovič, Marek 
700 1 |a Ďuričeková, Denisa, 1981-